000 00870nam a2200217Ia 4500
001 16325
003 GE_BSU
008 181216s||||||||xx |||||||||||||| ||und||
040 _cGE_BSU
080 _a341.217(4)+327(479.22)
245 _aასოცირების შესახებ შეთანხმება საქართველოსა და ევროკავშირს შორის
260 _aთბილისი
260 _bბონა კაუზა
260 _c2014
300 _a240გვ;20სმ.
541 _h9ლ.
653 _aასოცირების შესახებ შეთანხმება საქართველოსა და ევროკავშირს შორის
653 _aევროკავშირი
653 _aსამართალი
942 _cBK
999 _c49405
_d49405